| 000 | 00812nam a22002297a 4500 | ||
|---|---|---|---|
| 999 |
_c3896 _d3896 |
||
| 003 | AR-CdUCM | ||
| 008 | 190307b ||||| |||| 00| 0 spa d | ||
| 040 |
_aMUNICIPALIDAD PROVINCIAL DEL CUSCO _cBIBLIOTECA MUNICIPAL DEL CUSCO |
||
| 041 | _hchi | ||
| 082 |
_a895.1 / _bM29 |
||
| 100 |
_aMao, Tun _912504 |
||
| 245 | _aGusanos de seda de primavera y otros cuentos / | ||
| 260 |
_aPekin : _bEds. en Lenguas Extranjeras, _c1979. |
||
| 300 |
_a286 paginas ; _c22 cm. |
||
| 505 | _aGusano de seda de primavera -- Cosecha de otoño -- La tienda de la familia Lin -- La segunda generación -- La primera Mañana en la oficina. | ||
| 650 |
_aCuentos Chinos _912505 |
||
| 650 |
_aSiglo XX _98 |
||
| 650 |
_aChina _9843 |
||
| 700 |
_aDélano, Luis Enrique (Traductor) _912506 |
||
| 942 |
_2ddc _cLIBROS |
||
| 945 | _awnts | ||